| 000 | 00760cam a2200217 i 4500 | ||
|---|---|---|---|
| 005 | 20251119115047.0 | ||
| 008 | 250721s2009 ua gr 000 0 ara d | ||
| 020 | _a977617454X | ||
| 082 | 1 | 4 |
_a201.3 _bع ل م |
| 245 | 1 | 2 |
_aالعلمانية : _bمفاهيم ملتبسة / _cتحرير لحسن وريغ، أشرف عبدالقادر. |
| 250 | _aالطبعة الأولى. | ||
| 264 | 3 | 1 |
_aالقاهرة : _bرؤية للنشر و التوزيع، _c2009. |
| 300 | _a377 صفحة. | ||
| 650 | 1 | 7 | _aالعلمانيه. |
| 650 | 1 | 7 | _aالالحاد. |
| 650 | 1 | 7 | _aالحريه الدينيه. |
| 700 | 1 |
_aوريغ، لحسن _dمحرر. |
|
| 700 | 1 |
_aعبد القادر، أشرف _eمحرر. |
|
| 942 |
_2ddc _cBK |
||
| 999 |
_c18396 _d18396 |
||